[Event "DEM U14 2023"]
[Site "Willingen GER"]
[Date "2023.05.30"]
[Round "4"]
[White "Weber, Nikita"]
[Black "Sommer, Justus"]
[Result "0-1"]
[Termination "normal"]
[Board "8"]
[WhiteElo "1531"]
[BlackElo "2047"]
[WhiteClock "00:35:10"]
[BlackClock "00:05:27"]
[PlyCount "82"]
[WhiteFideId "34608770"]
[BlackFideId "16245008"]
[EventCountry "GER"]
[EventRounds "9"]
[EventType "swiss"]
[EventDate "2023.05.27"]

1. d4 {[%clk 01:30:58]} {[%emt 00:00:02]} d5 {[%clk 01:30:52]} {[%emt
00:00:07]} 2. c4 {[%clk 01:31:26]} {[%emt 00:00:03]} e6 {[%clk 01:31:16]}
{[%emt 00:00:06]} 3. Nc3 {[%clk 01:31:53]} {[%emt 00:00:04]} Nf6 {[%clk
01:31:31]} {[%emt 00:00:14]} 4. Bg5 {[%clk 01:31:29]} {[%emt 00:00:54]} Be7
{[%clk 01:31:37]} {[%emt 00:00:23]} 5. e3 {[%clk 01:31:42]} {[%emt 00:00:19]}
O-O {[%clk 01:31:21]} {[%emt 00:00:43]} 6. cxd5 {[%clk 01:31:24]} {[%emt
00:00:51]} exd5 {[%clk 01:30:56]} {[%emt 00:00:53]} 7. Bd3 {[%clk 01:30:59]}
{[%emt 00:00:56]} c6 {[%clk 01:29:13]} {[%emt 00:02:13]} 8. h3 {[%clk
01:30:25]} {[%emt 00:01:05]} Nbd7 {[%clk 01:28:32]} {[%emt 00:01:09]} 9. Qc2
{[%clk 01:29:31]} {[%emt 00:01:25]} Re8 {[%clk 01:28:07]} {[%emt 00:00:54]} 10.
Nf3 {[%clk 01:28:31]} {[%emt 00:01:31]} h6 {[%clk 01:15:56]} {[%emt 00:12:40]}
11. Bf4 {[%clk 01:27:10]} {[%emt 00:01:52]} Nf8 {[%clk 01:14:44]} {[%emt
00:01:41]} 12. O-O {[%clk 01:24:46]} {[%emt 00:02:56]} Ne6 {[%clk 01:08:39]}
{[%emt 00:06:33]} 13. Bh2 {[%clk 01:24:10]} {[%emt 00:01:07]} Bd6 {[%clk
01:07:01]} {[%emt 00:02:08]} 14. Ne5 {[%clk 01:22:29]} {[%emt 00:02:11]} Ng5
{[%clk 01:00:34]} {[%emt 00:06:57]} 15. f4 {[%clk 01:13:10]} {[%emt 00:09:50]}
Nge4 {[%clk 00:58:09]} {[%emt 00:02:54]} 16. Nxe4 {[%clk 01:12:23]} {[%emt
00:01:17]} dxe4 {[%clk 00:52:23]} {[%emt 00:06:15]} 17. Bc4 {[%clk 01:12:22]}
{[%emt 00:00:32]} Be6 {[%clk 00:51:39]} {[%emt 00:01:13]} 18. f5 {[%clk
01:11:17]} {[%emt 00:01:35]} Bxc4 {[%clk 00:48:29]} {[%emt 00:03:41]} 19. Qxc4
{[%clk 01:10:53]} {[%emt 00:00:54]} Nd5 {[%clk 00:48:23]} {[%emt 00:00:35]} 20.
Rae1 {[%clk 01:01:23]} {[%emt 00:10:01]} Qc7 {[%clk 00:40:16]} {[%emt
00:08:36]} 21. Ng4 {[%clk 00:59:14]} {[%emt 00:02:39]} Bxh2+ {[%clk 00:40:24]}
{[%emt 00:00:22]} 22. Nxh2 {[%clk 00:59:41]} {[%emt 00:00:04]} h5 {[%clk
00:35:45]} {[%emt 00:05:08]} 23. Qe2 {[%clk 00:58:04]} {[%emt 00:02:07]} Qg3
{[%clk 00:33:51]} {[%emt 00:02:23]} 24. Rf2 {[%clk 00:55:28]} {[%emt 00:03:07]}
Qg5 {[%clk 00:31:49]} {[%emt 00:02:33]} 25. Kh1 {[%clk 00:54:25]} {[%emt
00:01:33]} Nb4 {[%clk 00:30:19]} {[%emt 00:01:59]} 26. Rd1 {[%clk 00:51:29]}
{[%emt 00:03:27]} Nd3 {[%clk 00:29:33]} {[%emt 00:01:15]} 27. Rff1 {[%clk
00:51:04]} {[%emt 00:00:55]} Qg3 {[%clk 00:27:24]} {[%emt 00:02:39]} 28. Rd2
{[%clk 00:49:05]} {[%emt 00:02:30]} Qg5 {[%clk 00:19:56]} {[%emt 00:07:58]} 29.
a3 {[%clk 00:47:49]} {[%emt 00:01:46]} Rad8 {[%clk 00:19:42]} {[%emt 00:00:43]}
30. Rg1 {[%clk 00:40:18]} {[%emt 00:08:01]} Rd5 {[%clk 00:17:46]} {[%emt
00:02:27]} 31. g4 {[%clk 00:40:06]} {[%emt 00:00:41]} h4 {[%clk 00:18:05]}
{[%emt 00:00:11]} 32. Nf1 {[%clk 00:39:02]} {[%emt 00:01:34]} c5 {[%clk
00:12:57]} {[%emt 00:05:38]} 33. dxc5 {[%clk 00:38:25]} {[%emt 00:01:07]} Rxc5
{[%clk 00:12:58]} {[%emt 00:00:29]} 34. Rxd3 {[%clk 00:38:06]} {[%emt
00:00:49]} exd3 {[%clk 00:13:19]} {[%emt 00:00:09]} 35. Qxd3 {[%clk 00:38:32]}
{[%emt 00:00:04]} Qf6 {[%clk 00:12:40]} {[%emt 00:01:09]} 36. Rg2 {[%clk
00:36:39]} {[%emt 00:02:23]} Rd8 {[%clk 00:12:01]} {[%emt 00:01:09]} 37. Qe2
{[%clk 00:35:32]} {[%emt 00:01:37]} Rc1 {[%clk 00:12:03]} {[%emt 00:00:28]} 38.
e4 {[%clk 00:35:41]} {[%emt 00:00:22]} Rdd1 {[%clk 00:11:41]} {[%emt 00:00:51]}
39. Rf2 {[%clk 00:35:51]} {[%emt 00:00:20]} Qd4 {[%clk 00:11:19]} {[%emt
00:00:52]} 40. Kg2 {[%clk 00:36:05]} {[%emt 00:00:16]} Re1 {[%clk 00:10:36]}
{[%emt 00:01:13]} 41. Qf3 {[%clk 00:35:10]} {[%emt 00:01:26]} Rb1 {[%clk
00:05:27]} {[%emt 00:05:37]} 0-1

[Event "DEM U14 2023"]
[Site "Willingen GER"]
[Date "2023.05.30"]
[Round "4"]
[White "Neuhoff, Laertes"]
[Black "Limmer, Marco"]
[Result "1-0"]
[Termination "normal"]
[Board "9"]
[WhiteElo "2109"]
[BlackElo "1774"]
[WhiteClock "00:04:56"]
[BlackClock "00:10:30"]
[PlyCount "166"]
[WhiteFideId "16279719"]
[BlackFideId "34603506"]
[EventCountry "GER"]
[EventRounds "9"]
[EventType "swiss"]
[EventDate "2023.05.27"]

1. e4 {[%clk 01:30:59]} {[%emt 12:57:40]} e6 {[%clk 01:30:56]} {[%emt
00:00:05]} 2. d4 {[%clk 01:31:13]} {[%emt 00:00:15]} d5 {[%clk 01:31:21]}
{[%emt 00:00:05]} 3. Nd2 {[%clk 01:31:37]} {[%emt 00:00:07]} Nf6 {[%clk
01:31:38]} {[%emt 00:00:12]} 4. e5 {[%clk 01:31:56]} {[%emt 00:00:11]} Nfd7
{[%clk 01:32:00]} {[%emt 00:00:09]} 5. Bd3 {[%clk 01:32:12]} {[%emt 00:00:13]}
c5 {[%clk 01:32:09]} {[%emt 00:00:21]} 6. c3 {[%clk 01:32:29]} {[%emt
00:00:13]} Nc6 {[%clk 01:32:32]} {[%emt 00:00:08]} 7. Ne2 {[%clk 01:32:30]}
{[%emt 00:00:26]} cxd4 {[%clk 01:32:45]} {[%emt 00:00:20]} 8. cxd4 {[%clk
01:32:47]} {[%emt 00:00:13]} f6 {[%clk 01:33:07]} {[%emt 00:00:08]} 9. exf6
{[%clk 01:33:04]} {[%emt 00:00:12]} Nxf6 {[%clk 01:33:32]} {[%emt 00:00:06]}
10. O-O {[%clk 01:33:05]} {[%emt 00:00:28]} Bd6 {[%clk 01:33:44]} {[%emt
00:00:18]} 11. Nf3 {[%clk 01:33:24]} {[%emt 00:00:11]} O-O {[%clk 01:33:23]}
{[%emt 00:00:52]} 12. Bf4 {[%clk 01:29:20]} {[%emt 00:04:33]} Re8 {[%clk
01:25:55]} {[%emt 00:07:58]} 13. Ne5 {[%clk 01:12:08]} {[%emt 00:17:42]} Qc7
{[%clk 01:14:36]} {[%emt 00:11:49]} 14. Rc1 {[%clk 00:56:45]} {[%emt 00:15:53]}
Qb8 {[%clk 00:57:17]} {[%emt 00:17:50]} 15. Bb5 {[%clk 00:37:17]} {[%emt
00:19:57]} Bd7 {[%clk 00:56:16]} {[%emt 00:01:31]} 16. Bxc6 {[%clk 00:37:12]}
{[%emt 00:00:34]} Bxc6 {[%clk 00:50:52]} {[%emt 00:05:55]} 17. Nc3 {[%clk
00:32:44]} {[%emt 00:04:58]} Rf8 {[%clk 00:41:49]} {[%emt 00:09:33]} 18. Bg3
{[%clk 00:31:20]} {[%emt 00:01:53]} Qd8 {[%clk 00:36:47]} {[%emt 00:05:32]} 19.
Re1 {[%clk 00:27:15]} {[%emt 00:04:36]} Qe7 {[%clk 00:33:51]} {[%emt 00:03:26]}
20. Re3 {[%clk 00:20:09]} {[%emt 00:07:36]} Nd7 {[%clk 00:28:42]} {[%emt
00:05:39]} 21. Qe2 {[%clk 00:12:59]} {[%emt 00:07:41]} Nxe5 {[%clk 00:25:53]}
{[%emt 00:03:18]} 22. Bxe5 {[%clk 00:13:21]} {[%emt 00:00:08]} Bxe5 {[%clk
00:26:02]} {[%emt 00:00:22]} 23. Rxe5 {[%clk 00:13:46]} {[%emt 00:00:04]} Rae8
{[%clk 00:25:13]} {[%emt 00:01:19]} 24. Re1 {[%clk 00:10:08]} {[%emt 00:04:08]}
Qh4 {[%clk 00:19:40]} {[%emt 00:06:03]} 25. Qe3 {[%clk 00:08:14]} {[%emt
00:02:24]} Bd7 {[%clk 00:16:35]} {[%emt 00:03:35]} 26. Ne2 {[%clk 00:05:25]}
{[%emt 00:03:18]} Rf5 {[%clk 00:10:20]} {[%emt 00:06:46]} 27. g3 {[%clk
00:04:15]} {[%emt 00:01:40]} Rxe5 {[%clk 00:08:35]} {[%emt 00:02:15]} 28. Qxe5
{[%clk 00:04:29]} {[%emt 00:00:16]} Qf6 {[%clk 00:08:28]} {[%emt 00:00:37]} 29.
Nf4 {[%clk 00:03:47]} {[%emt 00:01:12]} Qxe5 {[%clk 00:08:04]} {[%emt
00:00:55]} 30. Rxe5 {[%clk 00:04:07]} {[%emt 00:00:09]} Rc8 {[%clk 00:06:37]}
{[%emt 00:01:56]} 31. Nxe6 {[%clk 00:02:27]} {[%emt 00:02:10]} Bxe6 {[%clk
00:07:04]} {[%emt 00:00:04]} 32. Rxe6 {[%clk 00:02:51]} {[%emt 00:00:06]} Rc2
{[%clk 00:07:06]} {[%emt 00:00:28]} 33. Re5 {[%clk 00:02:51]} {[%emt 00:00:29]}
Rxb2 {[%clk 00:07:21]} {[%emt 00:00:16]} 34. Rxd5 {[%clk 00:02:56]} {[%emt
00:00:25]} Rxa2 {[%clk 00:07:17]} {[%emt 00:00:34]} 35. Rd8+ {[%clk 00:03:24]}
{[%emt 00:00:02]} Kf7 {[%clk 00:07:39]} {[%emt 00:00:08]} 36. Rd7+ {[%clk
00:03:41]} {[%emt 00:00:14]} Kf6 {[%clk 00:07:47]} {[%emt 00:00:21]} 37. Rxb7
{[%clk 00:04:05]} {[%emt 00:00:06]} Rd2 {[%clk 00:07:41]} {[%emt 00:00:35]} 38.
Rb4 {[%clk 00:02:45]} {[%emt 00:01:51]} h5 {[%clk 00:03:27]} {[%emt 00:04:44]}
39. Ra4 {[%clk 00:02:14]} {[%emt 00:01:00]} g5 {[%clk 00:02:52]} {[%emt
00:01:05]} 40. Kf1 {[%clk 00:00:51]} {[%emt 00:01:54]} Rd1+ {[%clk 00:02:26]}
{[%emt 00:00:55]} 41. Ke2 {[%clk 00:24:13]} {[%emt 00:07:08]} Rh1 {[%clk
00:32:11]} {[%emt 00:00:45]} 42. Rxa7 {[%clk 00:22:01]} {[%emt 00:02:43]} Rxh2
{[%clk 00:32:09]} {[%emt 00:00:32]} 43. Ra1 {[%clk 00:08:30]} {[%emt 00:14:01]}
h4 {[%clk 00:21:44]} {[%emt 00:10:55]} 44. Ke3 {[%clk 00:02:31]} {[%emt
00:06:28]} hxg3 {[%clk 00:20:36]} {[%emt 00:01:39]} 45. fxg3 {[%clk 00:02:55]}
{[%emt 00:00:05]} Rg2 {[%clk 00:20:17]} {[%emt 00:00:50]} 46. Kf3 {[%clk
00:02:57]} {[%emt 00:00:28]} Rd2 {[%clk 00:20:39]} {[%emt 00:00:08]} 47. Ra6+
{[%clk 00:02:16]} {[%emt 00:01:11]} Kf7 {[%clk 00:19:44]} {[%emt 00:01:25]} 48.
Ke4 {[%clk 00:02:07]} {[%emt 00:00:38]} Rg2 {[%clk 00:20:07]} {[%emt 00:00:07]}
49. Ra3 {[%clk 00:02:13]} {[%emt 00:00:24]} Ke6 {[%clk 00:20:23]} {[%emt
00:00:15]} 50. Rd3 {[%clk 00:01:30]} {[%emt 00:01:13]} Rf2 {[%clk 00:18:18]}
{[%emt 00:02:35]} 51. Re3 {[%clk 00:00:34]} {[%emt 00:01:26]} Rf1 {[%clk
00:14:45]} {[%emt 00:04:03]} 52. Rf3 {[%clk 00:00:31]} {[%emt 00:00:32]} Re1+
{[%clk 00:13:13]} {[%emt 00:02:03]} 53. Re3 {[%clk 00:00:57]} {[%emt 00:00:04]}
Rf1 {[%clk 00:13:38]} {[%emt 00:00:04]} 54. Kd3+ {[%clk 00:00:54]} {[%emt
00:00:34]} Kd6 {[%clk 00:13:54]} {[%emt 00:00:14]} 55. Ke2 {[%clk 00:00:40]}
{[%emt 00:00:44]} Rf5 {[%clk 00:13:41]} {[%emt 00:00:42]} 56. Rf3 {[%clk
00:01:05]} {[%emt 00:00:05]} Ra5 {[%clk 00:11:45]} {[%emt 00:02:27]} 57. Ke3
{[%clk 00:00:51]} {[%emt 00:00:43]} Ke6 {[%clk 00:10:55]} {[%emt 00:01:21]} 58.
Ke4 {[%clk 00:00:50]} {[%emt 00:00:31]} Ra1 {[%clk 00:10:49]} {[%emt 00:00:36]}
59. d5+ {[%clk 00:01:00]} {[%emt 00:00:20]} Kd6 {[%clk 00:07:59]} {[%emt
00:03:19]} 60. Rf6+ {[%clk 00:01:28]} {[%emt 00:00:02]} Ke7 {[%clk 00:08:15]}
{[%emt 00:00:14]} 61. Rf5 {[%clk 00:01:16]} {[%emt 00:00:43]} g4 {[%clk
00:06:31]} {[%emt 00:02:14]} 62. Rf4 {[%clk 00:00:37]} {[%emt 00:01:09]} Kd6
{[%clk 00:06:53]} {[%emt 00:00:08]} 63. Rf6+ {[%clk 00:00:44]} {[%emt
00:00:23]} Ke7 {[%clk 00:07:19]} {[%emt 00:00:04]} 64. Re6+ {[%clk 00:00:45]}
{[%emt 00:00:28]} Kd7 {[%clk 00:07:13]} {[%emt 00:00:37]} 65. Re5 {[%clk
00:00:31]} {[%emt 00:00:44]} Ra4+ {[%clk 00:05:50]} {[%emt 00:01:52]} 66. Kf5
{[%clk 00:00:51]} {[%emt 00:00:10]} Kd6 {[%clk 00:06:16]} {[%emt 00:00:04]} 67.
Re4 {[%clk 00:00:46]} {[%emt 00:00:36]} Ra3 {[%clk 00:06:39]} {[%emt 00:00:08]}
68. Kxg4 {[%clk 00:01:00]} {[%emt 00:00:15]} Kxd5 {[%clk 00:07:04]} {[%emt
00:00:05]} 69. Re1 {[%clk 00:01:05]} {[%emt 00:00:24]} Ra6 {[%clk 00:07:00]}
{[%emt 00:00:35]} 70. Kf5 {[%clk 00:01:25]} {[%emt 00:00:10]} Ra3 {[%clk
00:06:59]} {[%emt 00:00:31]} 71. Rd1+ {[%clk 00:01:39]} {[%emt 00:00:15]} Kc6
{[%clk 00:07:20]} {[%emt 00:00:09]} 72. g4 {[%clk 00:02:04]} {[%emt 00:00:05]}
Ra5+ {[%clk 00:07:41]} {[%emt 00:00:09]} 73. Kf6 {[%clk 00:02:25]} {[%emt
00:00:09]} Ra2 {[%clk 00:08:00]} {[%emt 00:00:12]} 74. g5 {[%clk 00:02:51]}
{[%emt 00:00:04]} Rf2 {[%clk 00:08:20]} {[%emt 00:00:10]} 75. Kg7 {[%clk
00:03:17]} {[%emt 00:00:03]} Rf3 {[%clk 00:08:16]} {[%emt 00:00:34]} 76. g6
{[%clk 00:03:30]} {[%emt 00:00:18]} Rf2 {[%clk 00:08:33]} {[%emt 00:00:13]} 77.
Kg8 {[%clk 00:03:54]} {[%emt 00:00:06]} Rf3 {[%clk 00:08:38]} {[%emt 00:00:24]}
78. g7 {[%clk 00:04:21]} {[%emt 00:00:04]} Rf2 {[%clk 00:09:04]} {[%emt
00:00:04]} 79. Rd4 {[%clk 00:04:04]} {[%emt 00:00:47]} Rf3 {[%clk 00:09:13]}
{[%emt 00:00:21]} 80. Kh7 {[%clk 00:03:59]} {[%emt 00:00:34]} Rh3+ {[%clk
00:09:39]} {[%emt 00:00:05]} 81. Kg6 {[%clk 00:04:17]} {[%emt 00:00:11]} Rg3
{[%clk 00:10:05]} {[%emt 00:00:04]} 82. Kh6 {[%clk 00:04:33]} {[%emt 00:00:14]}
Rh3 {[%clk 00:10:30]} {[%emt 00:00:05]} 83. Kg5 {[%clk 00:04:56]} {[%emt
00:00:07]} Kd5 {[%emt 00:00:23]} 1-0

[Event "DEM U14 2023"]
[Site "Willingen GER"]
[Date "2023.05.30"]
[Round "4"]
[White "Haubold, Sebastian Marcel"]
[Black "Uyar, Levin"]
[Result "1-0"]
[Termination "normal"]
[Board "10"]
[WhiteElo "2092"]
[BlackElo "1700"]
[WhiteClock "00:34:15"]
[BlackClock "00:28:02"]
[PlyCount "84"]
[WhiteFideId "16259637"]
[BlackFideId "16282108"]
[EventCountry "GER"]
[EventRounds "9"]
[EventType "swiss"]
[EventDate "2023.05.27"]

1. e4 {[%clk 01:30:56]} {[%emt 00:00:04]} e5 {[%clk 01:30:48]} {[%emt
00:00:14]} 2. Nf3 {[%clk 01:31:17]} {[%emt 00:00:09]} Nc6 {[%clk 01:31:08]}
{[%emt 00:00:09]} 3. Bb5 {[%clk 01:31:41]} {[%emt 00:00:05]} a6 {[%clk
01:30:36]} {[%emt 00:01:03]} 4. Ba4 {[%clk 01:32:04]} {[%emt 00:00:07]} Nf6
{[%clk 01:30:33]} {[%emt 00:00:33]} 5. O-O {[%clk 01:32:27]} {[%emt 00:00:07]}
Nxe4 {[%clk 01:30:54]} {[%emt 00:00:10]} 6. d4 {[%clk 01:32:48]} {[%emt
00:00:07]} b5 {[%clk 01:31:16]} {[%emt 00:00:09]} 7. Bb3 {[%clk 01:33:13]}
{[%emt 00:00:05]} d5 {[%clk 01:31:39]} {[%emt 00:00:07]} 8. Nxe5 {[%clk
01:33:38]} {[%emt 00:00:05]} Nxe5 {[%clk 01:31:41]} {[%emt 00:00:27]} 9. dxe5
{[%clk 01:34:04]} {[%emt 00:00:05]} Be6 {[%clk 01:31:48]} {[%emt 00:00:23]} 10.
c3 {[%clk 01:30:19]} {[%emt 00:04:15]} Bc5 {[%clk 01:15:28]} {[%emt 00:16:50]}
11. Nd2 {[%clk 01:29:36]} {[%emt 00:01:13]} O-O {[%clk 00:59:17]} {[%emt
00:16:41]} 12. Nxe4 {[%clk 01:08:11]} {[%emt 00:21:56]} dxe4 {[%clk 00:59:40]}
{[%emt 00:00:06]} 13. Qe2 {[%clk 01:08:14]} {[%emt 00:00:27]} Bxb3 {[%clk
00:57:26]} {[%emt 00:02:44]} 14. axb3 {[%clk 01:07:33]} {[%emt 00:01:11]} Qd5
{[%clk 00:48:06]} {[%emt 00:09:56]} 15. b4 {[%clk 01:00:59]} {[%emt 00:06:58]}
Bb6 {[%clk 00:47:43]} {[%emt 00:00:53]} 16. Bf4 {[%clk 01:01:13]} {[%emt
00:00:16]} f5 {[%clk 00:45:31]} {[%emt 00:02:42]} 17. exf6 {[%clk 00:48:54]}
{[%emt 00:12:48]} Rxf6 {[%clk 00:43:32]} {[%emt 00:02:30]} 18. Be3 {[%clk
00:45:42]} {[%emt 00:03:42]} Bxe3 {[%clk 00:40:28]} {[%emt 00:03:34]} 19. Qxe3
{[%clk 00:44:05]} {[%emt 00:02:07]} Rd8 {[%clk 00:35:56]} {[%emt 00:05:01]} 20.
h3 {[%clk 00:25:56]} {[%emt 00:18:40]} Qc6 {[%clk 00:20:28]} {[%emt 00:15:58]}
21. Rad1 {[%clk 00:19:32]} {[%emt 00:06:53]} Rfd6 {[%clk 00:17:03]} {[%emt
00:03:55]} 22. Rxd6 {[%clk 00:19:23]} {[%emt 00:00:40]} Rxd6 {[%clk 00:17:24]}
{[%emt 00:00:09]} 23. Re1 {[%clk 00:19:39]} {[%emt 00:00:14]} Rd3 {[%clk
00:13:53]} {[%emt 00:04:01]} 24. Qxe4 {[%clk 00:19:05]} {[%emt 00:01:05]} Qxe4
{[%clk 00:14:18]} {[%emt 00:00:04]} 25. Rxe4 {[%clk 00:19:31]} {[%emt
00:00:04]} Rd1+ {[%clk 00:14:30]} {[%emt 00:00:18]} 26. Kh2 {[%clk 00:19:59]}
{[%emt 00:00:02]} Rd2 {[%clk 00:14:51]} {[%emt 00:00:10]} 27. Re6 {[%clk
00:09:14]} {[%emt 00:11:14]} Rxb2 {[%clk 00:13:07]} {[%emt 00:02:14]} 28. Rxa6
{[%clk 00:09:41]} {[%emt 00:00:03]} Rxf2 {[%clk 00:12:53]} {[%emt 00:00:43]}
29. Rc6 {[%clk 00:10:06]} {[%emt 00:00:06]} Rf5 {[%clk 00:06:07]} {[%emt
00:07:16]} 30. Rxc7 {[%clk 00:10:15]} {[%emt 00:00:21]} Kf8 {[%clk 00:05:45]}
{[%emt 00:00:52]} 31. g4 {[%clk 00:08:43]} {[%emt 00:02:01]} Rd5 {[%clk
00:06:02]} {[%emt 00:00:13]} 32. h4 {[%clk 00:07:21]} {[%emt 00:01:52]} Rd3
{[%clk 00:02:48]} {[%emt 00:03:45]} 33. Kg2 {[%clk 00:06:22]} {[%emt 00:01:28]}
g6 {[%clk 00:02:37]} {[%emt 00:00:41]} 34. h5 {[%clk 00:04:04]} {[%emt
00:02:48]} gxh5 {[%clk 00:02:32]} {[%emt 00:00:36]} 35. gxh5 {[%clk 00:04:26]}
{[%emt 00:00:08]} h6 {[%clk 00:01:11]} {[%emt 00:01:50]} 36. Rc5 {[%clk
00:03:18]} {[%emt 00:01:38]} Ke7 {[%clk 00:00:56]} {[%emt 00:00:45]} 37. Kf2
{[%clk 00:03:42]} {[%emt 00:00:06]} Kd6 {[%clk 00:00:48]} {[%emt 00:00:38]} 38.
Ke2 {[%clk 00:02:57]} {[%emt 00:01:16]} Rh3 {[%clk 00:00:37]} {[%emt 00:00:41]}
39. Kd2 {[%clk 00:03:11]} {[%emt 00:00:16]} Rh2+ {[%clk 00:00:44]} {[%emt
00:00:23]} 40. Kd3 {[%clk 00:03:29]} {[%emt 00:00:11]} Rh3+ {[%clk 00:01:00]}
{[%emt 00:00:14]} 41. Kc2 {[%clk 00:03:55]} {[%emt 00:00:04]} Rh2+ {[%clk
00:28:02]} {[%emt 00:03:28]} 42. Kb3 {[%clk 00:34:15]} {[%emt 00:00:10]} Kd5
{[%emt 00:02:11]} 1-0

[Event "DEM U14 2023"]
[Site "Willingen GER"]
[Date "2023.05.30"]
[Round "4"]
[White "Fruth, David"]
[Black "Stichter, Constantin Paul"]
[Result "1-0"]
[Termination "normal"]
[Board "11"]
[WhiteElo "1851"]
[BlackElo "1959"]
[WhiteClock "01:17:08"]
[BlackClock "00:48:50"]
[PlyCount "41"]
[WhiteFideId "16257596"]
[BlackFideId "34603140"]
[EventCountry "GER"]
[EventRounds "9"]
[EventType "swiss"]
[EventDate "2023.05.27"]

1. e4 {[%clk 01:30:57]} {[%emt 00:00:03]} e6 {[%clk 01:30:59]} {[%emt
00:00:01]} 2. d4 {[%clk 01:31:03]} {[%emt 00:00:24]} d5 {[%clk 01:31:28]}
{[%emt 00:00:01]} 3. Nc3 {[%clk 01:31:24]} {[%emt 00:00:09]} Nf6 {[%clk
01:31:55]} {[%emt 00:00:03]} 4. Bg5 {[%clk 01:31:44]} {[%emt 00:00:10]} Be7
{[%clk 01:32:21]} {[%emt 00:00:04]} 5. e5 {[%clk 01:32:09]} {[%emt 00:00:06]}
Nfd7 {[%clk 01:32:47]} {[%emt 00:00:04]} 6. h4 {[%clk 01:32:21]} {[%emt
00:00:18]} h6 {[%clk 01:33:12]} {[%emt 00:00:05]} 7. Bxe7 {[%clk 01:32:45]}
{[%emt 00:00:05]} Qxe7 {[%clk 01:33:36]} {[%emt 00:00:06]} 8. Qg4 {[%clk
01:33:09]} {[%emt 00:00:06]} O-O {[%clk 01:33:59]} {[%emt 00:00:07]} 9. f4
{[%clk 01:33:31]} {[%emt 00:00:08]} Qb4 {[%clk 01:23:33]} {[%emt 00:10:56]} 10.
O-O-O {[%clk 01:25:33]} {[%emt 00:08:29]} Nb6 {[%clk 01:02:52]} {[%emt
00:21:10]} 11. Nf3 {[%clk 01:15:52]} {[%emt 00:10:11]} Nc4 {[%clk 00:58:34]}
{[%emt 00:04:49]} 12. Bxc4 {[%clk 01:15:52]} {[%emt 00:00:30]} Qxc4 {[%clk
00:58:56]} {[%emt 00:00:08]} 13. Rh3 {[%clk 01:15:50]} {[%emt 00:00:31]} Kh8
{[%clk 00:50:44]} {[%emt 00:08:42]} 14. Rg3 {[%clk 01:15:48]} {[%emt 00:00:32]}
Rg8 {[%clk 00:50:28]} {[%emt 00:00:46]} 15. Ng5 {[%clk 01:15:59]} {[%emt
00:00:19]} g6 {[%clk 00:50:35]} {[%emt 00:00:24]} 16. Nxf7+ {[%clk 01:15:25]}
{[%emt 00:01:03]} Kh7 {[%clk 00:50:36]} {[%emt 00:00:29]} 17. Nxh6 {[%clk
01:15:49]} {[%emt 00:00:07]} Kxh6 {[%clk 00:49:24]} {[%emt 00:01:41]} 18. Qg5+
{[%clk 01:16:17]} {[%emt 00:00:02]} Kh7 {[%clk 00:49:44]} {[%emt 00:00:10]} 19.
h5 {[%clk 01:16:41]} {[%emt 00:00:06]} Rg7 {[%clk 00:48:39]} {[%emt 00:01:35]}
20. hxg6+ {[%clk 01:17:08]} {[%emt 00:00:03]} Kg8 {[%clk 00:48:50]} {[%emt
00:00:19]} 21. Qd8# {[%emt 00:00:02]} 1-0